000
00310nam a2200121 a 4500
005
20140414131925.0
008
101027s19uu xx 00 eng d
050
_a
ER
_b
Sa5 1993
100
_a
Stortz, Diane
245
_a
Santa has the sniffles!.
260
_b
Landoll,
_c
1995.
_a
Ashland, Ohio :
999
_c
111984
_d
111984